000
00210 a2200097 4500
001
42476
100
_a
Heaps
245
_a
The grey goose of arm hem
260
_a
London
_b
Weidenfield
_c
090
_c
26390
_d
26390
942
_a
NUST-CAE
_c
M
_c
18214
999
_c
277549
_d
277549